00706nam a2200169 a 4500003000200000005001700002008004100019050002700060100002500087245011600112260009000228300004000318504004100358650006300399650003600462650003800498020250429121946.0050808s19uu xx 00 eng d aPHS LB 3013b.B47 2005 aBernasconi, Edoardo. aA Comparison of male and female bullying in two exclusive middle schools in Metro Manila /cEdoardo Bernasconi. aLas Piñas City, Philippines :bSouthville International School and Colleges,c2005. a54 pages :billustrations ;c28 cm. aIncludes bibliographical references. 2Library of Congress Subject HeadingsaBullying in schools. aMale studentsxConduct of life. aFemale studentsxConduct of life.